[Event "Ch Hungary (open)"]
[Site "masterchessopen.com Eger (Hungary)"]
[Round "0"]
[White "Boensch Uwe (GER)"]
[Black "Piesina Gintautas (LTU)"]
[Result "0-1"]
[WhiteElo "2530"]
[BlackElo "2325"]

1.d4 Nf6 2.c4 g6 3.Nc3 d5 4.cxd5 Nxd5 5.e4 Nxc3 6.bxc3 Bg7 7.Bc4 O-O 8.Ne2 c5
9.O-O Nc6 10.Be3 Bg4 11.f3 cxd4 12.cxd4 Na5 13.Bd3 Be6 14.Rc1 Bxa2 15.Qa4 Be6
16.d5 Bd7 17.Qb4 b6 18.f4 Rc8 19.Ba6 Rxc1 20.Rxc1 e5 21.Qd6 exf4 22.Bxf4 Nb3
23.Rc7 Nc5 24.Rxa7 Qh4 25.g3 Qh5 26.Qxb6 Nxa6 27.Qf2 Nc5 28.Qxc5 Qxe2 29.Rxd7
Qe1+ 30.Kg2 Qxe4+ 31.Kf1 Re8 {#R} 0-1

[Event "It"]
[Site "masterchessopen.com Kecskemet (Hungary)"]
[Round "0"]
[White "Knaak Rainer (GER)"]
[Black "Blees Albert (NED)"]
[Result "1-0"]
[WhiteElo "2530"]
[BlackElo "2391"]

1.d4 Nf6 2.c4 g6 3.Nc3 d5 4.cxd5 Nxd5 5.e4 Nxc3 6.bxc3 Bg7 7.Bc4 O-O 8.Be3 c5
9.Ne2 Nc6 10.O-O Bg4 11.f3 cxd4 12.cxd4 Na5 13.Bd3 Be6 14.Rc1 Bxa2 15.Qa4 Be6
16.d5 Bd7 17.Qb4 b6 18.f4 e6 19.d6 e5 20.f5 Rc8 21.Nc3 Bc6 22.Ba6 Bb7 23.Bxb7
Nxb7 24.Rcd1 Qh4 25.d7 Rc6 26.Nd5 Rc2 27.f6 Bh6 28.Bxh6 Qxh6 29.Qa4 Rb2 30.Qa3
Rc2 31.Qd3 {#r} 1-0

[Event "Ch URS (1 liga)"]
[Site "masterchessopen.com Lvov (Ukraine)"]
[Round "0"]
[White "Kaidanov Gregory S (USA)"]
[Black "Janjgava Lasha (GEO)"]
[Result "1-0"]
[WhiteElo "2420"]
[BlackElo "2410"]

1.d4 Nf6 2.c4 g6 3.Nc3 d5 4.cxd5 Nxd5 5.e4 Nxc3 6.bxc3 Bg7 7.Bc4 c5 8.Ne2 Nc6
9.Be3 O-O 10.O-O Bg4 11.f3 cxd4 12.cxd4 Na5 13.Bd3 Be6 14.Rc1 Bxa2 15.Qa4 Be6
16.d5 Bd7 17.Qb4 e6 18.Nc3 exd5 19.exd5 Re8 20.Bf2 b6 21.Bh4 Bf8 22.d6 Qb8
23.Ne4 Re6 24.Bg3 Qd8 25.Bb5 Bc8 26.Qc3 a6 27.d7 Bxd7 28.Bc7 Qe7 29.Bxd7 Qxd7
30.Nf6+ Rxf6 31.Qxf6 Bg7 32.Qf4 Nb3 33.Rcd1 Nd4 34.Kh1 Qc6 35.Rc1 Qb7 36.Qd6
b5 37.Rfd1 {#r} 1-0

[Event "Ch URS (1 liga)"]
[Site "masterchessopen.com Lvov (Ukraine)"]
[Round "0"]
[White "Lputian Smbat G (ARM)"]
[Black "Mihalcisin Adrian (SLO)"]
[Result "0-1"]
[WhiteElo "2540"]
[BlackElo "2500"]

1.d4 Nf6 2.c4 g6 3.Nc3 d5 4.cxd5 Nxd5 5.e4 Nxc3 6.bxc3 Bg7 7.Bc4 c5 8.Ne2 Nc6
9.Be3 O-O 10.O-O Bg4 11.f3 Na5 12.Bd3 cxd4 13.cxd4 Be6 14.Rc1 Bxa2 15.Qa4 Be6
16.d5 Bd7 17.Qb4 e6 18.Nc3 b6 19.Rfd1 Qf6 20.Ba6 Rfd8 21.Rd2 Bc8 22.Bb5 Bb7
23.d6 Rac8 24.Rdc2 Bf8 25.Rd2 Qe5 26.f4 Bxd6 27.Qxa5 Qc5 28.Bxc5 Bxc5+ 29.Kf1
bxa5 30.Rxd8+ Rxd8 31.Ke2 Ba3 32.Rc2 Bb4 33.Bd3 Kf8 34.g3 Rc8 35.Na2 Rxc2+
36.Bxc2 Ke7 {#R} 0-1

[Event "?"]
[Site "masterchessopen.com Moscow (Russia)"]
[Round "0"]
[White "Kaidanov Gregory S (USA)"]
[Black "Vyzmanavin Alexey (RUS)"]
[Result "1-0"]
[WhiteElo "2420"]
[BlackElo "2540"]

1.d4 Nf6 2.c4 g6 3.Nc3 d5 4.cxd5 Nxd5 5.e4 Nxc3 6.bxc3 Bg7 7.Bc4 c5 8.Ne2 Nc6
9.Be3 O-O 10.O-O Bg4 11.f3 Na5 12.Bd3 cxd4 13.cxd4 Be6 14.Rc1 Bxa2 15.Qa4 Be6
16.d5 Bd7 17.Qb4 e6 18.Nc3 exd5 19.exd5 Re8 20.Bf2 b6 21.Bh4 f6 22.Ne4 Nb7
23.Ba6 Na5 24.d6 g5 25.Bf2 f5 26.Nc3 Bf8 27.Rfe1 Bc6 28.Bc4+ Kh8 29.Bd4+ Bg7
30.Bxg7+ Kxg7 31.Nd5 Nxc4 32.Qc3+ Kh6 33.Ne7 Nxd6 34.Re6+ {#r} 1-0

[Event "Ch Czechoslovakia"]
[Site "masterchessopen.com Namestovo (Slovakia)"]
[Round "0"]
[White "Pekarek Ales (CZE)"]
[Black "Stohl Igor (SVK)"]
[Result "1-0"]
[WhiteElo "2406"]
[BlackElo "2465"]

1.d4 Nf6 2.c4 g6 3.Nc3 d5 4.cxd5 Nxd5 5.e4 Nxc3 6.bxc3 Bg7 7.Bc4 c5 8.Ne2 O-O
9.O-O Nc6 10.Be3 Bg4 11.f3 Na5 12.Bd3 cxd4 13.cxd4 Be6 14.Rc1 Bxa2 15.Qa4 Be6
16.d5 Bd7 17.Qb4 e6 18.d6 b6 19.f4 e5 20.f5 Rc8 21.Ba6 Rxc1 22.Rxc1 Nc6 23.Qd2
Qb8 24.Bb5 Rc8 25.Bg5 Qb7 26.Be7 Nb8 27.Nc3 gxf5 28.Nd5 Bxb5 29.Rc7 Rxc7
30.dxc7 Nc6 31.Qg5 h6 32.Nf6+ {#r} 1-0

[Event "It \"]
[Site "masterchessopen.com Prague (Czech Republic)"]
[Round "0"]
[White "Pekarek Ales (CZE)"]
[Black "Schmidt Wlodzimierz (POL)"]
[Result "0-1"]
[WhiteElo "2406"]
[BlackElo "2470"]

1.d4 Nf6 2.c4 g6 3.Nc3 d5 4.cxd5 Nxd5 5.e4 Nxc3 6.bxc3 Bg7 7.Bc4 c5 8.Ne2 Nc6
9.Be3 O-O 10.O-O cxd4 11.cxd4 Bg4 12.f3 Na5 13.Bd3 Be6 14.d5 Bxa1 15.Qxa1 f6
16.Rb1 Bd7 17.Bh6 Rf7 18.e5 e6 19.Nf4 fxe5 20.dxe6 Bxe6 21.Qxe5 Bxa2 22.Re1
Nc6 23.Qb2 Qd4+ 24.Qxd4 Nxd4 25.Kf2 a5 26.Be4 a4 27.Nd5 a3 28.Nb6 Re8 29.Bc1
Re6 30.Na4 Rc7 31.Bxa3 Ra6 32.Ra1 Bb3 33.Bb2 Nc2 {#R} 0-1

[Event "Ch URS (1 liga)"]
[Site "masterchessopen.com Sverdlovsk (Russia)"]
[Round "1"]
[White "Dokhoian Yury (RUS)"]
[Black "Huzman Alexander (ISR)"]
[Result "1-0"]
[WhiteElo "2525"]
[BlackElo "2500"]

1.d4 Nf6 2.c4 g6 3.Nc3 d5 4.cxd5 Nxd5 5.e4 Nxc3 6.bxc3 Bg7 7.Bc4 c5 8.Ne2 Nc6
9.Be3 O-O 10.O-O Bg4 11.f3 Na5 12.Bd3 cxd4 13.cxd4 Be6 14.Rc1 Bxa2 15.Qa4 Be6
16.d5 Bd7 17.Qb4 e6 18.Nc3 exd5 19.exd5 Re8 20.Bf2 b6 21.Bh4 Bf8 22.d6 Qb8
23.Bg3 Re6 24.Ne4 Qd8 25.Bb1 Re8 26.Rfd1 b5 27.Ba2 Nc4 28.Bxc4 bxc4 29.Qxc4
Bg7 30.Bf2 a5 31.Bd4 Rc8 32.Qd3 Rxc1 33.Rxc1 Bf5 34.Bxg7 Kxg7 35.Qd4+ Kh6
36.Nf6 {#r} 1-0

[Event "Ch Armed Forces"]
[Site "masterchessopen.com Tashkent (Uzbekistan)"]
[Round "0"]
[White "Graf Alexander (GER)"]
[Black "Krasenkow Michal (POL)"]
[Result "0-1"]
[WhiteElo "2415"]
[BlackElo "2420"]

1.d4 Nf6 2.c4 g6 3.Nc3 d5 4.cxd5 Nxd5 5.e4 Nxc3 6.bxc3 Bg7 7.Bc4 c5 8.Ne2 O-O
9.O-O Nc6 10.Be3 cxd4 11.cxd4 Bg4 12.f3 Na5 13.Bd3 Be6 14.Qa4 a6 15.d5 Bd7
16.Qb4 b5 17.Rac1 e6 18.dxe6 Bxe6 19.Rfd1 Rc8 20.Bc5 Nc6 21.Qa3 Ne5 22.Bxb5
axb5 23.Rxd8 Rfxd8 24.f4 Nc4 25.Qb4 Rd2 26.f5 gxf5 27.exf5 Bd5 28.Qxb5 Rxe2
29.Bf2 Rd2 30.a4 Bd4 31.Bxd4 Rxg2+ 32.Kh1 Ba8 33.h4 Rc2+ 34.Kg1 Rxc1+ 35.Kf2
Nd6 36.Qe5 R8c2+ 37.Kg3 Rg2+ {#R} 0-1

[Event "Ch URS (young masters)"]
[Site "masterchessopen.com Uzhgorod (Ukraine)"]
[Round "8"]
[White "Neverov Valeriy (UKR)"]
[Black "Huzman Alexander (ISR)"]
[Result "1-0"]
[WhiteElo "2440"]
[BlackElo "2500"]

1.d4 Nf6 2.c4 g6 3.Nc3 d5 4.cxd5 Nxd5 5.e4 Nxc3 6.bxc3 Bg7 7.Bc4 c5 8.Ne2 O-O
9.O-O Nc6 10.Be3 Bg4 11.f3 Na5 12.Bd3 cxd4 13.cxd4 Be6 14.d5 Bxa1 15.Qxa1 f6
16.Bh6 Re8 17.Rb1 Bd7 18.e5 e6 19.exf6 Kf7 20.Bg5 Bc6 21.dxc6 {#r} 1-0

[Event "?"]
[Site "masterchessopen.com Vantaa (Finland)"]
[Round "0"]
[White "Tuomala Timo (FIN)"]
[Black "Koskinen Henri (FIN)"]
[Result "1-0"]
[WhiteElo "2227"]
[BlackElo "2265"]

1.d4 Nf6 2.c4 g6 3.Nc3 d5 4.cxd5 Nxd5 5.e4 Nxc3 6.bxc3 Bg7 7.Bc4 O-O 8.Ne2 c5
9.Be3 Nc6 10.O-O cxd4 11.cxd4 Bg4 12.f3 Na5 13.Bd3 Be6 14.d5 Bxa1 15.Qxa1 f6
16.Rb1 Bd7 17.e5 e6 18.Bh6 Rf7 19.Nf4 fxe5 20.Qxe5 exd5 21.Nxd5 Nc6 22.Qe3 Bf5
23.Bc4 Bxb1 24.Qc3 {#r} 1-0

[Event "?"]
[Site "masterchessopen.com Varadero (Cuba)"]
[Round "0"]
[White "Garcia Wilfredo (CUB)"]
[Black "Alonso Rene (CUB)"]
[Result "0-1"]
[WhiteElo "2050"]
[BlackElo "2360"]

1.d4 Nf6 2.c4 g6 3.Nc3 d5 4.cxd5 Nxd5 5.e4 Nxc3 6.bxc3 Bg7 7.Bc4 c5 8.Ne2 Nc6
9.Be3 O-O 10.O-O Bg4 11.f3 Na5 12.Bd3 cxd4 13.cxd4 Be6 14.d5 Bxa1 15.Qxa1 f6
16.Rb1 Re8 17.Nf4 Bf7 18.Rb5 a6 19.Rb6 Rc8 20.Qd4 Qc7 21.d6 e5 22.Qb4 Qc3
23.d7 exf4 24.dxe8=Q+ Bxe8 25.Qxc3 Rxc3 26.Bd2 Rxd3 27.Bxa5 Rd1+ 28.Kf2 Bb5
29.Be1 Bc6 30.Rb2 Kf7 31.a4 Ke6 32.a5 f5 33.exf5+ Kxf5 34.Rc2 h6 35.g3 fxg3+
36.hxg3 Bxf3 37.Kxf3 Rxe1 38.Rc7 Re5 {#R} 0-1

[Event "It"]
[Site "masterchessopen.com Vrnjacka Banja (Serbia)"]
[Round "0"]
[White "Miralles Gilles (FRA)"]
[Black "Atanasijadis Antimos (YUG)"]
[Result "1-0"]
[WhiteElo "2470"]
[BlackElo "2280"]

1.d4 Nf6 2.c4 g6 3.Nc3 d5 4.cxd5 Nxd5 5.e4 Nxc3 6.bxc3 Bg7 7.Bc4 c5 8.Ne2 O-O
9.O-O Nc6 10.Be3 Bg4 11.f3 Na5 12.Bd3 cxd4 13.cxd4 Be6 14.Rc1 Bxa2 15.Qa4 Be6
16.d5 Bd7 17.Qb4 b6 18.Ba6 Bc8 19.Bxc8 Rxc8 20.Rxc8 Qxc8 21.Qxe7 Qc2 22.Re1
Nc4 23.Bf4 a5 24.d6 a4 25.d7 Qd3 26.Bc7 a3 27.d8=Q Rxd8 28.Bxd8 Qd2 29.Rf1 Bf8
30.Qe8 Qe3+ 31.Rf2 a2 32.Bf6 Qd3 33.Ng3 Qb1+ 34.Rf1 Qb4 35.Qa8 Qd6 36.Qxa2 Ne3
37.e5 Qc5 38.Ne4 Qd4 39.e6 {#r} 1-0

[Event "It (open)"]
[Site "masterchessopen.com Alicante (Spain)"]
[Round "0"]
[White "Rubio Purrinos Hugo (ESP)"]
[Black "Canela Teresa (ESP)"]
[Result "0-1"]
[WhiteElo "2235"]
[BlackElo "2145"]

1.d4 Nf6 2.c4 g6 3.Nc3 d5 4.cxd5 Nxd5 5.e4 Nxc3 6.bxc3 Bg7 7.Bc4 c5 8.Ne2 Nc6
9.Be3 O-O 10.O-O Bg4 11.f3 Na5 12.Bd3 cxd4 13.cxd4 Be6 14.Rc1 Bxa2 15.Qd2 Be6
16.d5 Nb3 17.Qb4 Nxc1 18.Rxc1 Bc8 19.Bc5 Re8 20.Nc3 Bh6 21.Rc2 b6 22.Bf2 Bb7
23.Nb5 Rc8 24.Rxc8 Qxc8 25.Nxa7 Qc1+ 26.Bf1 Ba6 27.Nb5 Rc8 {#R} 0-1

[Event "It (open)"]
[Site "masterchessopen.com Badenweiler (Germany)"]
[Round "5"]
[White "Roemer Ulrich (GER)"]
[Black "Schneider Daniel (FRA)"]
[Result "1-0"]
[WhiteElo "2292"]
[BlackElo "1930"]

1.d4 Nf6 2.c4 g6 3.Nc3 d5 4.cxd5 Nxd5 5.e4 Nxc3 6.bxc3 Bg7 7.Bc4 c5 8.Ne2 cxd4
9.cxd4 O-O 10.O-O Nc6 11.Be3 Bg4 12.f3 Na5 13.Bd3 Be6 14.Rc1 Bxa2 15.Qa4 Be6
16.d5 Bd7 17.Qb4 b6 18.Ba6 e6 19.Nc3 Bc8 20.Bxc8 Rxc8 21.dxe6 fxe6 22.Rfd1 Qe8
23.Nb5 Rxc1 24.Rxc1 Qd7 25.Rc7 Qd8 26.Rxa7 Nc6 27.Rxg7+ Kxg7 28.Qc3+ e5
29.Qxc6 Qd3 30.Kf2 Rd8 31.Nc7 {#r} 1-0

[Event "It (open)"]
[Site "masterchessopen.com Belgrade (Yugoslavia)"]
[Round "1"]
[White "Piskov Yury (RUS)"]
[Black "Lputian Smbat G (ARM)"]
[Result "1-0"]
[WhiteElo "2415"]
[BlackElo "2540"]

1.d4 Nf6 2.c4 g6 3.Nc3 d5 4.cxd5 Nxd5 5.e4 Nxc3 6.bxc3 Bg7 7.Bc4 c5 8.Ne2 Nc6
9.Be3 O-O 10.O-O Bg4 11.f3 Na5 12.Bd3 cxd4 13.cxd4 Be6 14.Rc1 Bxa2 15.Qa4 Be6
16.d5 Bd7 17.Qa3 b5 18.Rfd1 Rb8 19.Qb4 a6 20.Nd4 Re8 21.Be2 Be5 22.Ra1 Bc7
23.Ne6 Bd6 24.Qxd6 fxe6 25.Qe5 {#r} 1-0

[Event "?"]
[Site "masterchessopen.com Bratto (Italy)"]
[Round "0"]
[White "Piantoni Roberto (ITA)"]
[Black "Moncelli Giorgio (ITA)"]
[Result "1-0"]
[WhiteElo "2119"]
[BlackElo "2081"]

1.d4 Nf6 2.c4 g6 3.Nc3 d5 4.cxd5 Nxd5 5.e4 Nxc3 6.bxc3 Bg7 7.Bc4 c5 8.Ne2 Nc6
9.Be3 O-O 10.O-O cxd4 11.cxd4 Bg4 12.f3 Na5 13.Bd3 Be6 14.Rc1 Bxa2 15.Qa4 Be6
16.d5 Bd7 17.Qb4 e6 18.Bc5 exd5 19.Be7 Qe8 20.exd5 b6 21.Rc7 Be5 22.Rfc1 Bxc7
23.Rxc7 Rc8 24.Rxa7 f6 25.Bxf8 Qe3+ 26.Kf1 Bh3 27.Qe7 {#r} 1-0

[Event "It (cat.10)"]
[Site "masterchessopen.com Budapest (Hungary)"]
[Round "5"]
[White "Zueger Beat (SUI)"]
[Black "Gavrikov Viktor (LTU)"]
[Result "0-1"]
[WhiteElo "2445"]
[BlackElo "2545"]

1.d4 Nf6 2.c4 g6 3.Nc3 d5 4.cxd5 Nxd5 5.e4 Nxc3 6.bxc3 Bg7 7.Bc4 O-O 8.Ne2 c5
9.O-O Nc6 10.Be3 Bg4 11.f3 Na5 12.Bd3 cxd4 13.cxd4 Be6 14.Rc1 Bxa2 15.Qa4 Be6
16.d5 Bd7 17.Qa3 b6 18.f4 e5 19.d6 Rc8 20.Ba6 Rc6 21.Rcd1 exf4 22.Rxf4 Be5
23.Rff1 Re8 24.Rd5 Bg7 25.Bg5 f6 26.Bd2 Nc4 27.Qa2 Nxd2 28.Qxd2 Kh8 29.Bb7 Rc5
30.Nf4 Bh6 31.Rd3 Bb5 32.Nxg6+ hxg6 33.Rh3 {#R} 0-1

[Event "It (open)"]
[Site "masterchessopen.com Budapest (Hungary)"]
[Round "0"]
[White "Bareev Evgeny (RUS)"]
[Black "Spiriev Peter (HUN)"]
[Result "1-0"]
[WhiteElo "2560"]
[BlackElo "2245"]

1.d4 Nf6 2.c4 g6 3.Nc3 d5 4.cxd5 Nxd5 5.e4 Nxc3 6.bxc3 Bg7 7.Bc4 c5 8.Ne2 Nc6
9.Be3 O-O 10.O-O Bg4 11.f3 Na5 12.Bd3 cxd4 13.cxd4 Be6 14.Qa4 a6 15.d5 b5
16.Qb4 Bxa1 17.Rxa1 f6 18.Bc5 Nc6 19.Qa3 b4 20.Qb3 Ne5 21.Nd4 Bf7 22.Be2 Nd7
23.Bxb4 Qb6 24.Rd1 Rfe8 25.Ba3 Qa7 26.Kf1 Rac8 27.g3 Nc5 28.Qb4 a5 29.Qb5 Nxe4
30.fxe4 Rc3 31.Qb2 Re3 32.Bb5 Rc8 33.Nc6 Qb6 34.Nxe7+ Kg7 35.Nxc8 Qb7 36.h4
{#r} 1-0

[Event "Bundesliga 1987/88 (2nd)"]
[Site "masterchessopen.com Germany"]
[Round "0"]
[White "Dahl B (NOR)"]
[Black "Weischede Thomas (GER)"]
[Result "1-0"]
[WhiteElo "2310"]
[BlackElo "2276"]

1.d4 Nf6 2.c4 g6 3.Nc3 d5 4.cxd5 Nxd5 5.e4 Nxc3 6.bxc3 Bg7 7.Bc4 c5 8.Ne2 O-O
9.O-O Nc6 10.Be3 Bg4 11.f3 Na5 12.Bd3 cxd4 13.cxd4 Be6 14.Rc1 Bxa2 15.Qa4 Be6
16.d5 Bd7 17.Qb4 e6 18.Nc3 b6 19.Ba6 Qf6 20.f4 e5 21.f5 Qd8 22.Nb5 Bxb5
23.Qxb5 Qh4 24.Qd3 Bh6 25.f6 Rad8 26.Bxh6 Qxh6 27.d6 b5 28.Bxb5 Nb7 29.d7 Rb8
30.Ba6 Nd8 31.Rc8 Rb2 32.Qd6 Rd2 33.Qe7 Qe3+ 34.Kh1 Qb6 35.Bc4 Qd6 36.Rxd8
Rxd8 37.Qxd8+ Qf8 38.Qe7 {#r} 1-0

[Event "It (open)"]
[Site "masterchessopen.com Lugano (Switzerland)"]
[Round "0"]
[White "Balashov Yuri S (RUS)"]
[Black "Sibarevic Milenko (BIH)"]
[Result "1-0"]
[WhiteElo "2540"]
[BlackElo "2312"]

1.d4 Nf6 2.c4 g6 3.Nc3 d5 4.cxd5 Nxd5 5.e4 Nxc3 6.bxc3 Bg7 7.Bc4 c5 8.Ne2 Nc6
9.Be3 O-O 10.O-O Bg4 11.f3 Na5 12.Bd3 cxd4 13.cxd4 Be6 14.Rc1 Bxa2 15.Qa4 Be6
16.d5 Bd7 17.Qb4 b5 18.Rfd1 Be5 19.Bc5 Nb7 20.Bxe7 Qb6+ 21.Kh1 a5 22.Qd2 Rfc8
23.f4 Bg7 24.e5 b4 25.Bc4 b3 26.Ba3 a4 27.d6 Na5 28.Bd5 Rab8 29.Rc7 Be6
30.Rdc1 b2 31.Bxb2 Nb3 32.Rxc8+ Bxc8 33.Bxf7+ Kf8 34.Bxb3 Qxb3 35.d7 Bxd7
36.Qxd7 Qxb2 37.e6 {#r} 1-0

[Event "It (cat.11)"]
[Site "masterchessopen.com Malme (Sweden)"]
[Round "0"]
[White "Balashov Yuri S (RUS)"]
[Black "Hansen Curt (DEN)"]
[Result "1-0"]
[WhiteElo "2540"]
[BlackElo "2520"]

1.d4 Nf6 2.c4 g6 3.Nc3 d5 4.cxd5 Nxd5 5.e4 Nxc3 6.bxc3 Bg7 7.Bc4 c5 8.Ne2 Nc6
9.Be3 O-O 10.O-O Bg4 11.f3 Na5 12.Bd3 cxd4 13.cxd4 Be6 14.Rc1 Bxa2 15.Qa4 Be6
16.d5 Bd7 17.Qb4 b6 18.f4 e6 19.d6 e5 20.f5 Rc8 21.Nc3 Bc6 22.Nb5 Qd7 23.f6
Bh8 24.Be2 Rfd8 25.Rcd1 Rb8 26.h3 h5 27.Kh2 Nb7 28.Nxa7 Nxd6 29.Nxc6 Qxc6
30.Rd5 Ne8 31.Bb5 Qb7 32.Rxd8 Rxd8 33.Qe7 Qc7 34.Bxb6 Qxe7 35.fxe7 Rb8 36.Rd1
{#r} 1-0

[Event "Ch URS (club)"]
[Site "masterchessopen.com Naberezhnye Chelny (Russia)"]
[Round "0"]
[White "Utemov Vladimir (RUS)"]
[Black "Obodchuk Andrei (RUS)"]
[Result "0-1"]
[WhiteElo "2385"]
[BlackElo "2384"]

1.d4 Nf6 2.c4 g6 3.Nc3 d5 4.cxd5 Nxd5 5.e4 Nxc3 6.bxc3 Bg7 7.Bc4 c5 8.Ne2 Nc6
9.Be3 O-O 10.O-O Bg4 11.f3 Na5 12.Bd3 cxd4 13.cxd4 Be6 14.Rc1 Bxa2 15.Qa4 Be6
16.d5 Bd7 17.Qb4 e6 18.Nc3 exd5 19.exd5 b6 { !? } 20.Ne4 Re8 21.Bd4 Nb3 (
21...Rxe4 22.fxe4 Bxd4+ 23.Qxd4 Nb3 24.Qf2 Nxc1 25.Qxf7+ Kh8 26.Rxc1 { ? } )
22.Bxg7 Nxc1 23.Qd4 ( 23.Qb2 Nxd3 { ! } 24.Nf6+ Kxg7 25.Nxe8+ Kf8 26.Qh8+ Ke7
27.d6+ Ke6 28.Nc7+ Qxc7 { ? } ) 23...Rxe4 { ! } 24.fxe4 Nxd3 25.Bh6 f6 26.Rxf6
{ ?! } ( 26.Qxd3 Qe7 { P } ) 26...Qe7 27.d6 Qe5 28.Qc4+ Kh8 29.Qf7 Qa1+ 30.Rf1
Qd4+ 31.Kh1 Be6 { ! } 32.Be3 ( 32.Qf3 Nc5 33.e5 Ne4 { e } ) 32...Bxf7 33.Bxd4+
Kg8 34.Rd1 Bc4 35.Kg1 Kf7 {#R} 0-1

[Event "It (cat.15)"]
[Site "masterchessopen.com Reggio Emilia (Italy)"]
[Round "0"]
[White "Christiansen Larry M (USA)"]
[Black "Korchnoi Viktor (SUI)"]
[Result "0-1"]
[WhiteElo "2575"]
[BlackElo "2595"]

1.d4 Nf6 2.c4 g6 3.Nc3 d5 4.cxd5 Nxd5 5.e4 Nxc3 6.bxc3 c5 7.Bc4 Bg7 8.Ne2 O-O
9.O-O Nc6 10.Be3 Bg4 11.f3 Na5 12.Bd3 cxd4 13.cxd4 Be6 14.d5 Bxa1 15.Qxa1 f6
16.Bh6 Re8 17.Kh1 Bd7 18.e5 Rc8 19.Nf4 Nc4 20.e6 Ba4 21.Nxg6 hxg6 22.Bxg6 Ne5
23.Be4 Qa5 24.Qd4 Rc4 25.Qf2 Rxe4 26.fxe4 Qc3 27.h3 Qd3 28.Qf5 Rc8 29.d6 Qxd6
30.Bf4 Be8 31.Rb1 Qd3 32.Rb3 Qxb3 {#R} 0-1

[Event "Ch USA"]
[Site "masterchessopen.com USA"]
[Round "0"]
[White "Wilder Michael (USA)"]
[Black "Kudrin Sergey (USA)"]
[Result "1-0"]
[WhiteElo "2505"]
[BlackElo "2545"]

1.d4 Nf6 2.c4 g6 3.Nc3 d5 4.cxd5 Nxd5 5.e4 Nxc3 6.bxc3 Bg7 7.Bc4 c5 8.Ne2 O-O
9.O-O Nc6 10.Be3 Bg4 11.f3 Na5 12.Bd3 cxd4 13.cxd4 Be6 14.Rc1 Bxa2 15.Qa4 Be6
16.d5 Bd7 17.Qb4 e6 18.Nc3 exd5 19.Nxd5 Be6 20.Rfd1 Bxd5 21.exd5 Qxd5 22.Be4
Qb3 23.Bd2 b6 24.Bxa8 Rxa8 25.Qe7 Nc4 26.Bf4 h5 27.Qe4 Rc8 28.Rd7 Qb5 29.Rxa7
Qc6 30.Qe7 Qc5+ 31.Be3 Qxe7 32.Rxe7 Rc6 33.Bxb6 Bh6 34.Re8+ Kh7 35.Bd4 f6
36.Bxf6 {#r} 1-0

[Event "It"]
[Site "masterchessopen.com Yerevan (Armenia)"]
[Round "0"]
[White "Moskalenko Viktor (UKR)"]
[Black "Tesla Vladimir (SRB)"]
[Result "1-0"]
[WhiteElo "2475"]
[BlackElo "2297"]

1.d4 Nf6 2.c4 g6 3.Nc3 d5 4.cxd5 Nxd5 5.e4 Nxc3 6.bxc3 Bg7 7.Bc4 c5 8.Ne2 Nc6
9.Be3 O-O 10.O-O Bg4 11.f3 Na5 12.Bd3 cxd4 13.cxd4 Be6 14.Rc1 Bxa2 15.Qa4 Be6
16.d5 Bd7 17.Qb4 e6 18.Nc3 b6 19.Rfd1 Qf6 20.f4 e5 21.f5 Rfc8 22.d6 Bc6 23.Bb5
Bf8 24.Qa4 Bxb5 25.Nxb5 Rxc1 26.Bxc1 Rd8 27.Ba3 Nb7 28.Qxa7 Nc5 29.Bxc5 bxc5
30.fxg6 c4 31.gxh7+ Kxh7 32.Rf1 Qg6 33.Rxf7+ Kh8 34.Rf5 Qg4 35.Qf7 Qd1+ 36.Rf1
{#r} 1-0

[Event "Simultan"]
[Site "masterchessopen.com Zurich (Switzerland)"]
[Round "0"]
[White "Kasparov Garry (RUS)"]
[Black "Schweizer Wolfgang"]
[Result "1-0"]
[WhiteElo "2760"]
[BlackElo "2025"]

1.d4 Nf6 2.c4 g6 3.Nc3 d5 4.cxd5 Nxd5 5.e4 Nxc3 6.bxc3 Bg7 7.Bc4 c5 8.Ne2 Nc6
9.Be3 O-O 10.O-O cxd4 11.cxd4 Bg4 12.f3 Na5 13.Bd3 Be6 14.d5 Bxa1 15.Qxa1 f6
16.Rb1 b6 17.Bh6 Re8 18.Nf4 Bf7 19.e5 Bxd5 20.Rd1 e6 21.Bb5 f5 22.Bxe8 Qxe8
23.Rxd5 exd5 24.e6 d4 25.Qxd4 Qe7 26.Nd5 Qc5 27.Qxc5 bxc5 28.Nf6+ {#r} 1-0

[Event "Ch Asia (juniors) (under 20)"]
[Site "masterchessopen.com Asia"]
[Round "0"]
[White "Amir Karim (PAK)"]
[Black "Al-Ashhab Saamer (JOR)"]
[Result "1-0"]
[WhiteElo "2234"]
[BlackElo "2260"]

1.d4 Nf6 2.c4 g6 3.Nc3 d5 4.cxd5 Nxd5 5.e4 Nxc3 6.bxc3 Bg7 7.Bc4 c5 8.Ne2 Nc6
9.Be3 O-O 10.O-O Bg4 11.f3 Na5 12.Bd3 cxd4 13.cxd4 Be6 14.d5 Bxa1 15.Qxa1 f6
16.h4 Bf7 17.h5 g5 18.h6 Nc6 19.Bb1 Ne5 20.Kh1 Qd6 21.Nd4 Bg6 22.a4 Nc4 23.Nb5
Qg3 24.Bf2 Qf4 25.Ba2 Nd2 26.d6+ Kh8 27.dxe7 Nxf3 28.exf8=Q+ Rxf8 29.Bg3 Qxg3
30.Rxf3 {#r} 1-0

[Event "It (open) \"]
[Site "masterchessopen.com Budapest (Hungary)"]
[Round "0"]
[White "Kishnev Sergey (RUS)"]
[Black "Feldman Steven (USA)"]
[Result "1-0"]
[WhiteElo "2484"]
[BlackElo "2241"]

1.d4 Nf6 2.c4 g6 3.Nc3 d5 4.cxd5 Nxd5 5.e4 Nxc3 6.bxc3 Bg7 7.Bc4 c5 8.Ne2 Nc6
9.Be3 O-O 10.O-O Bg4 11.f3 Na5 12.Bd3 cxd4 13.cxd4 Be6 14.Rc1 Bxa2 15.Qa4 Be6
16.d5 Bd7 17.Qa3 e6 18.Rfd1 exd5 19.exd5 Re8 20.Bf2 Bf8 21.Qa2 b6 22.Nc3 Nb7
23.Ne4 Nc5 24.d6 Be6 25.Bc4 Nxe4 26.fxe4 Bxd6 27.e5 Bxc4 28.Rxc4 Rxe5 29.Rcd4
Re6 30.Qd2 Rc8 31.Bh4 Bxh2+ 32.Kxh2 Qc7+ 33.Bg3 Qc6 34.Qh6 Qe8 35.Rh4 Rc5
36.Qxh7+ Kf8 37.Bd6+ Rxd6 38.Qh8+ Ke7 39.Qxe8+ Kxe8 40.Rxd6 {#r} 1-0

[Event "It (open) \"]
[Site "masterchessopen.com Chicago (USA)"]
[Round "5"]
[White "Martinovsky Eugene (USA)"]
[Black "Kudrin Sergey (USA)"]
[Result "0-1"]
[WhiteElo "2299"]
[BlackElo "2570"]

1.d4 Nf6 2.c4 g6 3.Nc3 d5 4.cxd5 Nxd5 5.e4 Nxc3 6.bxc3 Bg7 7.Bc4 O-O 8.Ne2 c5
9.O-O Nc6 10.Be3 Bg4 11.f3 Na5 12.Bd3 cxd4 13.cxd4 Be6 14.Rc1 Bxa2 15.d5 Bb3
16.Qe1 e6 17.Bc5 exd5 18.Bxf8 Bxf8 19.Qc3 dxe4 20.Bxe4 Bc4 21.Rfd1 Qb6+ 22.Kf1
Bb4 23.Qb2 Re8 24.Qd4 Bc5 25.Qd7 Bb5 26.Rb1 Bxd7 27.Rxb6 Ba4 28.Rbb1 Bxd1
29.Rxd1 Nc4 30.Rd7 b6 31.Nf4 Ne3+ 32.Kf2 Nd5+ 33.Kg3 Nf6 34.Rd1 Nxe4+ 35.fxe4
Rxe4 36.Rd8+ Kg7 37.Nd5 Rd4 38.Kf3 a5 39.Rd7 a4 {#R} 0-1

[Event "It (open)"]
[Site "masterchessopen.com Dortmund (Germany)"]
[Round "9"]
[White "Ilic Dragan B (SRB)"]
[Black "Knobel Rolf (SUI)"]
[Result "1-0"]
[WhiteElo "2266"]
[BlackElo "2260"]

1.d4 Nf6 2.c4 g6 3.Nc3 d5 4.cxd5 Nxd5 5.e4 Nxc3 6.bxc3 Bg7 7.Bc4 c5 8.Ne2 Nc6
9.Be3 O-O 10.O-O Bg4 11.f3 Na5 12.Bd3 cxd4 13.cxd4 Be6 14.d5 Bxa1 15.Qxa1 f6
16.Rb1 Bf7 17.Bh6 Re8 18.Bb5 Qb6+ 19.Nd4 Red8 20.Be3 Qd6 21.Bd2 b6 22.Ba6 Rd7
23.Be1 Qc7 24.Bg3 Qc5 25.Rc1 Qb4 26.a3 Qd2 27.Rc2 Qh6 28.Qc3 Rf8 29.h3 Qg7
30.Qb4 f5 31.Bc8 Rdd8 32.Be6 Bxe6 33.Nxe6 Qa1+ 34.Kh2 Rc8 35.Qxe7 Rfe8 36.Qd7
{#r} 1-0

[Event "Tournament"]
[Site "masterchessopen.com Illinois (USA)"]
[Round "0"]
[White "Umezinwa George (USA)"]
[Black "Chow Albert (USA)"]
[Result "1-0"]
[WhiteElo "2242"]
[BlackElo "2206"]

1.d4 Nf6 2.c4 g6 3.Nc3 d5 4.cxd5 Nxd5 5.e4 Nxc3 6.bxc3 Bg7 7.Bc4 O-O 8.Ne2 c5
9.Be3 Nc6 10.O-O Bg4 11.f3 Na5 12.Bd3 cxd4 13.cxd4 Be6 14.Qa4 a6 15.Rac1 b5
16.Qb4 Bxa2 17.Bf4 e5 18.dxe5 Qxd3 19.Qxa5 Bc4 20.Rfe1 Qd7 21.Red1 Qe7 22.Nd4
Bxe5 23.Bxe5 Qxe5 24.Rxc4 Rfd8 25.Rb4 {#r} 1-0